Music Trivia: match the lead singer to the band, vol. 2 - Statistics

General Stats
  • This quiz has been taken 49 times
    34 since last reset
  • The average score is 6 of 15
Answer Stats
I'll give the lead singer's name You answer with the band's name % Correct
Roger Daltrey The Who
82%
Chris Martin Coldplay
79%
Joe Strummer The Clash or The Mescaleros
79%
Paul Stanley Kiss
67%
Ronnie Van Zant Lynyrd Skynyrd
58%
Peter Cetera Chicago
55%
Brian Setzer The Stray Cats
55%
Gary Cherone Extreme or VanHalen
30%
Mavis Staples The Staple Singers
30%
Donnie Van Zant .38 Special
18%
John Popper Blues Traveler
18%
Trey Anastasio Phish
9%
Paul Westerberg The Replacements
9%
Todd Rundgren Utopia or Nazz
9%
James Mercer The Shins
3%
No matching quizzes found
Score Distribution
Percent of People with Each Score
Percentile by Number Answered
Your Score History
You have not taken this quiz since the last reset